Statistics for All Seb Lowe Songs by One Line

Click here to take the quiz!

General Stats

  • This quiz has been taken 5 times
  • The average score is 15 of 23

Answer Stats

HintAnswer% Correct
"When they asked about his family life, he shut up 'till his death"Here's a Story
100%
"She said she's only got one type"IPhone
100%
"People love it when there's blood on the screen"Kill him hes a Socialist
100%
"There's nothing Great about Britain, anymore"Ode to Britannia
100%
"We don't smile too much around here, love"Terms and Conditions
100%
"How to read a poem the examiners way"The Education System
100%
"If she wanted him again, she's sure he'd come"There She Stood
100%
"In the water, with the sharks you hide."Cavalryman
67%
"Not married with kids so I'm no alcoholic"Christmas
67%
"And a disposition where they put themselves in very very daring situations for the f*** of it"God's Monkeys
67%
"She did a tasteful bit of Investigative Journalism"I Fell in Love With a Talking Head
67%
"Stop, wait a second, he's torn you off your horse"Killer for a Day
67%
"Civilisation becomes a facade of rule makers and rule followers"The Human Race
67%
"Two roads and you take your time"The London Song
67%
"I partake in promoting, a killer with good taste"The Man, The Myth
67%
"Did you grow up where the dogs get p*****"Billionaire Extraordinaire
33%
"So let's dodge every vaccine, we all know it kills you"Business, Please
33%
"The meaning of life is expensive to foster"Don't Go
33%
"Sit him in his armchair and he'll tell you you're doomed"Flat Earth
33%
"They've got guns, the only ones."Freak
33%
"Working-class warrior with a panic attack"Ingerland
33%
"Now his face is red, screaming Authoritarian"Rat Shit
33%
"By age 14 he became a master of Debating"Upper Class
33%

Score Distribution

Percentile by Number Answered

Percent of People with Each Score

Your Score History

You have not taken this quiz